000 00510nam a2200181Ia 4500
999 _c16840
_d16840
003 OSt
005 20200606120018.0
008 190216s9999||||xx |||||||||||||| ||und||
020 _a97881902258328
040 _cMESKC library
082 _a155.4
_bVAR/V
100 _aVarerkar, Chitra
_9213
245 0 _aVidhyalay Aur Bal Vikas /
_cChitra Varerkar
260 _bM K Publication,
_c2010.
_aDelhi:
300 _a200p
650 _aHindi
942 _cBK
_2ddc
_h155.4
_iVAR/V
_k155.4
_mVAR/V